Statistics for Super Bowl Losers Quiz

Click here to take the quiz!

General Stats

  • This quiz has been taken 11,540 times
    (402 since last reset)
  • The average score is 37 of 54

Answer Stats

Year Winners Losers % Correct
2019Chiefs49ers
99%
2017EaglesPatriots
95%
2011GiantsPatriots
90%
2018PatriotsRams
87%
2007GiantsPatriots
85%
2014PatriotsSeahawks
85%
2013SeahawksBroncos
83%
1992CowboysBills
82%
2010PackersSteelers
82%
2016PatriotsFalcons
82%
1991RedskinsBills
82%
1990GiantsBills
81%
1993CowboysBills
81%
2012Ravens49ers
81%
2009SaintsColts
80%
2015BroncosPanthers
78%
2006ColtsBears
74%
2002BuccaneersRaiders
74%
1966PackersChiefs
73%
2008SteelersCardinals
73%
1997BroncosPackers
72%
2001PatriotsRams
71%
2004PatriotsEagles
70%
2000RavensGiants
67%
1985BearsPatriots
67%
2003PatriotsPanthers
67%
1996PackersPatriots
67%
1968JetsColts
66%
1999RamsTitans
66%
2005SteelersSeahawks
66%
1995CowboysSteelers
64%
198949ersBroncos
63%
1987RedskinsBroncos
62%
1978SteelersCowboys
62%
198849ersBengals
60%
1975SteelersCowboys
60%
198449ersDolphins
59%
1969ChiefsVikings
59%
1986GiantsBroncos
58%
1998BroncosFalcons
57%
1983RaidersRedskins
56%
1974SteelersVikings
56%
1970ColtsCowboys
56%
199449ersChargers
55%
1973DolphinsVikings
55%
1976RaidersVikings
55%
1967PackersRaiders
53%
1982RedskinsDolphins
53%
1971CowboysDolphins
51%
1980RaidersEagles
49%
1972DolphinsRedskins
49%
1977CowboysBroncos
47%
198149ersBengals
47%
1979SteelersRams
46%

Score Distribution

Percentile by Number Answered

Percent of People with Each Score

Your Score History

You have not taken this quiz since the last reset